• 首页
  • 本馆介绍
  • 公告通知
  • 最新文献
  • 馆藏检索
  • 电子资源
  • 读者导购
  • 参考咨询
  • 我的图书馆
  • 登录
  • 详细信息显示
  • 放入我的书架
  • 预约/预借图书
  • 作者相关作品
  • 分类相关作品
  • 丛书相关作品
  • 出版社相关作品

书目信息

  • 表格格式
  • 工作单格式
  • 卡片格式
题名:
中国农村信息化发展报告
    
 
作者: 李道亮 主编
分册: 2017  
出版信息: 北京   电子工业出版社  2017.06
页数: 415页
开本: 26cm
丛书名:
单 册:
中图分类: S126
科图分类:
主题词: 信息技术--应用--农村--研究报告--中国--2017
电子资源:
ISBN: 978-7-121-31381-3
000 00974nam0 2200229 450
001 665
005 20180927144549.65
010    @a978-7-121-31381-3@dCNY128.00
100    @a20170802d2017 em y0chiy50 ea
101 0  @achi
102    @aCN@b110000
105    @aab z 000yy
200 1  @a中国农村信息化发展报告@9zhong guo nong cun xin xi hua fa zhan bao gao@h2017@f李道亮主编
210    @a北京@c电子工业出版社@d2017.06
215    @a415页@c图,照片,地图@d26cm
300    @a农业部农业农村资源农业信息化发展专项
330    @a本书记录了2016年我国农村信息化发展进程,内容框架主要包括理论进展篇、基础建设篇、应用进展篇、地方建设篇、企业推进篇、科研创新篇、发展政策篇、专家视点篇、实践探索篇、大事记篇。报告将全面反映我国农村信息化建设状况,为业界提供全面反映中国农村信息化发展进程的详实资料。
606 0  @a信息技术@x应用@x农村@x研究报告@y中国@z2017
690    @aS126@v5
701  0 @a李道亮@9li dao liang@4主编
801  0 @aCN@b91MARC@c20170802
905    @aMuseLib@dS126@e91(2017)
    
    中国农村信息化发展报告.2017/李道亮主编.-北京:电子工业出版社,2017.06
    415页:图,照片,地图;26cm
    农业部农业农村资源农业信息化发展专项
    
    ISBN 978-7-121-31381-3:CNY128.00
    本书记录了2016年我国农村信息化发展进程,内容框架主要包括理论进展篇、基础建设篇、应用进展篇、地方建设篇、企业推进篇、科研创新篇、发展政策篇、专家视点篇、实践探索篇、大事记篇。报告将全面反映我国农村信息化建设状况,为业界提供全面反映中国农村信息化发展进程的详实资料。
●
相关链接 在E读中查询图书 在五车中查询图书 在当当中查询图书 在豆瓣中查询图书


正题名:中国农村信息化发展报告     索取号:S126/91(2017)         预约/预借

序号 登录号 条形码 馆藏地/架位号 状态 备注
1 1120106   211201064   第二样本阅览室/ [索取号:S126/91(2017)] 在馆    
2 1120107   211201073   第三借阅区/ [索取号:S126/91(2017)] 在馆    
3 1120108   211201082   密集书库-生命科学系/ [索取号:S126/91(2017)] 在馆    
唐山师范学院图书馆 欢迎您!
大连网信软件有限公司© 版权所有